Connaissez-vous vraiment Les bronzés font du ski ? - Statistiques

Statistiques générales
  • Ce quiz a été pris 572 fois
    191 depuis la dernière actualisation
  • Le résultat moyen est 15 sur 20
Statistiques - réponses
Hint Réponse % Correct
Citation "Excusez-moi mais vous êtes en train d’uriner sur ma {voiture}."
95%
Citation "Je crois que toi et moi on a un peu le même problème, c’est-à-dire qu’on peut pas vraiment tout miser sur notre {physique}, surtout toi."
95%
Citation "Oublie que t’as aucune chance, vas-y, fonce ! On sait jamais, sur un {malentendu} ça peut marcher."
94%
Citation "Quand te reverrais-je ? {Pays} {merveilleux} ! Où ceux qui s’aiment, vivent à deux !"
93%
Quel acteur interprète le rôle de Jean-Claude Dusse ? Michel Blanc
92%
Citation Vous avez de la pâte ? Vous avez du {sucre} ? Avec la pâte, vous faites une crêpe et vous mettez du {sucre}dessus !
92%
Quel animal amène-t-on au Docteur Jérôme Tarayre pour qu'il le soigne ? un cochon (Copain)
91%
Dans quel plat Marius met-il du fil dentaire, pensant que cela serait drôle ? de la fondue
90%
Quel acteur interprète le rôle de Popeye ? Thierry Lhermitte
88%
Quel animal se trouve dans la bouteille de liqueur que boivent les Bronzés ? un crapaud
82%
Quel acteur interprète le rôle de Jérôme Tarayre ? Christian Clavier
81%
Quelle troupe a écrit le scénario ? La troupe du Splendid
81%
Quelle actrice interprète le rôle de Gigi ? Marie-Anne Chazel
75%
Lors de la leçon de ski, qu'est-ce qui ne va pas chez Jean-Claude ? le planté de baton
74%
Quel est le défaut principal de Bernard (selon Nathalie) ? Il est égoïste
55%
Citation "– Je sais pas ce qui me retient de te casser la gueule ! – La {trouille} non ? – Ouais, ça doit être ça..."
52%
Avec qui est partie la femme de Popeye ? son cousin
42%
Dans quelle station de ski se déroule le film ? Val d'Isère
42%
Qui a réalisé ce film ? Patrice Leconte
37%
Citation "On va tous crever là parce que t’es qu’un con et t’es {cocu} ! T’es {cocu} et t’en redemande !"
30%
Aucun quiz correspondant
Distribution des résultats
% des personnes avec chaque résultat
Percentile par nombre de réponses
Votre historique - résultats
Vous n’avez pas pris ce quiz depuis la dernière actualisation